LEADER 00796nam 2200169z- 450 001 9910698925703321 035 $a(CKB)5470000002398621 035 $a(EXLCZ)995470000002398621 100 $a20230503cuuuuuuuu -u- - 101 0 $aeng 200 00$aCommittee print : Rail and Public Transportation Security Act of 2007 : hearing before the Committee on Homeland Security, House of Representatives, One Hundred Tenth Congress, first session, March 6, 2007 210 $aWashington 517 $aCommittee print 906 $aBOOK 912 $a9910698925703321 996 $aCommittee print : Rail and Public Transportation Security Act of 2007 : hearing before the Committee on Homeland Security, House of Representatives, One Hundred Tenth Congress, first session, March 6, 2007$93113148 997 $aUNINA